000 00673nam a2200205Ii 4500
003 JO-AjNU
008 230605s9999||||xx |||||||||||||| ||und||
017 _a2011/9/3367
040 _aJO-AjNU
_bara
_erda
_cJO-AjNU
041 _aara
050 1 4 _aSF293.A8.A22 2011
100 3 _aعبدالله بن الحسين بن علي، ملك الأردن، 1882-1951,
_eauthor
_948804
245 0 0 _aجواب السائل عن الخيل الأصائل
264 3 1 _aعمان: وزارة الثقافة، 2011
300 _a102ص
336 _atext
_btxt
_2rdacontent
337 _aunmediated
_bn
_2rdamedia
338 _avolume
_bnc
_2rdacarrier
650 4 _aالخيل
_948805
999 _aA21397
_c24965
_d24965